| 000 | 00347nam a2200133Ia 4500 | ||
|---|---|---|---|
| 008 | 150202s9999 xx 000 0 und d | ||
| 020 | _a451153936 | ||
| 050 |
_aFIC _bFIC |
||
| 100 | _aRule, Ann. | ||
| 245 |
_aSmall sacrifices / _cAnne Rule. |
||
| 260 |
_aNew York : _bSignet Books, _c1988. |
||
| 300 |
_a494 pages : _c18 cm. |
||
| 650 | _aFiction. | ||
| 999 |
_c282379 _d282379 |
||